|
|
|
|
| LEADER |
01589nam a2200385 a 4500 |
| 001 |
000454092 |
| 003 |
CZ BrMZK |
| 005 |
20210115072536.0 |
| 007 |
ta |
| 008 |
990315s1999 xr f cze d |
| 015 |
|
|
|a cnb000786565
|
| 020 |
|
|
|a 80-210-2192-6
|
| 035 |
|
|
|a (OCoLC)84992634
|
| 040 |
|
|
|a BOA001
|b cze
|
| 072 |
|
7 |
|a 82
|x Literatura. Literární život
|2 Konspekt
|9 11
|
| 080 |
|
|
|a 82-1/-9
|2 MRF
|
| 080 |
|
|
|a 82.0
|2 MRF
|
| 080 |
|
|
|a (082)
|2 MRF
|
| 100 |
1 |
|
|a Pospíšil, Ivo,
|d 1952 květen 14.-
|7 jk01100674
|4 aut
|
| 245 |
1 |
0 |
|a Integrovaná žánrová typologie :
|b (komparativní genologie) : projekt, metodologie, terminologie, struktura oboru, studie /
|c Ivo Pospíšil, Jiří Gazda, Jan Holzer
|
| 250 |
|
|
|a 1. vyd.
|
| 260 |
|
|
|a Brno :
|b Masarykova univerzita,
|c 1999
|
| 300 |
|
|
|a 182 s. ;
|c 20 cm
|
| 500 |
|
|
|a Text též rus., angl., něm. - Bibliogr.
|
| 650 |
0 |
7 |
|a literární žánry
|7 ph122406
|2 czenas
|
| 650 |
0 |
7 |
|a literární věda
|7 ph137144
|2 czenas
|
| 655 |
|
7 |
|a sborníky
|7 fd163935
|2 czenas
|
| 700 |
1 |
|
|a Gazda, Jiří,
|d 1958-
|7 mzk2002103544
|4 aut
|
| 700 |
1 |
|
|a Holzer, Jan,
|d 1969-
|7 jn20001227544
|4 aut
|
| 710 |
2 |
|
|a Masarykova univerzita.
|b Filozofická fakulta
|7 kn20010709276
|
| 910 |
|
|
|a BOA001
|b 2-1066.591
|
| 990 |
|
|
|a BK
|
| 996 |
6 |
|
|b 2610105591
|c 2-1066.591
|l MZK
|r Sklad / do 1 hodiny
|n 5
|p p.v.
|w 000454092
|u 000010
|a 1
|e BOA001
|j MZK50
|s P
|
| 996 |
7 |
|
|b 2610110925
|c 2-1066.591
|l MZK
|r Sklad / do 1 hodiny
|n 35
|p kup
|w 000454092
|u 000020
|a 1
|e BOA001
|j MZK50
|s A
|
| 996 |
7 |
|
|b 2610110926
|c 2-1066.591
|l MZK
|r Sklad / do 1 hodiny
|n 37
|p kup
|w 000454092
|u 000030
|a 1
|e BOA001
|j MZK50
|s A
|